000 00972nam0a22002891 4500
001 RU\NLR\INFOCOMM_161\5000055615
005 20250613092210.0
035 _a(NLR Aleph) 009149369
090 _a8385338
_c8385338
100 _a20091223d1968 |||y0rusy50 ca
101 1 _aeng
_crus
102 _aRU
105 _aa ||||000|y
200 1 _aSons take over
_e[Dokumentary essay
_fBy] I. Brainin
210 _aΜ.
_c"Novosti" press agency publ. house
_d[1968]
215 _a179 с.; 7 л. ил., портр.
_cил., портр.
_d16 см
300 _aНа обл. авт. не указан
300 _aВ вып. дан.: И. Брайнин. Эстафета поколений
606 _aГероизм
_yСССР
_jОчерки
_2nlr_sh1
686 _aИ4-14
_2rubbk
700 1 _9z02790
_aBrajnin
_bI.
_4070
790 1 _9z02700
_aBrainin
_bI.
_4070
801 1 _aRU
_bNLR
_c20091223
801 0 _aRU
_bNLR
_gPSBO
852 _aNLR
_jИр51 Д-1/22
942 _cBOOK
980 _aNB